000 01334cam a2200373 i 4500
001 data
005 20260322212106.0
008 data
035 _a17494055
906 _a7
_bcbc
_corigres
_d2
_encip
_f20
_gy-gencatlg
925 0 _aacquire
_b1 shelf copy
_xpolicy default
010 _a 2012534386
020 _a9782296962538
035 _a(FrPJT)JTL00316854
040 _aDLC
_beng
_cDLC
_erda
_dDLC
042 _apcc
043 _af-ti---
_af-ti---
050 0 0 _aK840
_b.Z37 2012
100 1 _aZarrouk, Ali,
_eauthor.
245 1 2 _aL'implicite et le contenu contractuel :
_bétude de droit comparé : droit français et droit tunisien /
_cAli Zarrouk ; préface de Philippe Delebecque ; avant-propos de Mohamed Kamel Charfeddine.
264 1 _aParis :
_bL'Harmattan,
_cc2012.
300 _a654 pages ;
_c24 cm.
336 _atext
_2rdacontent
337 _aunmediated
_2rdamedia
338 _avolume
_2rdacarrier
490 0 _aLogiques juridiques,
_x1159-375X
504 _aIncludes bibliographical references (pages 618-638) and index.
650 0 _aContracts.
650 0 _aContracts
_zFrance.
650 0 _aContracts
_zTunisia.
856 4 1 _3Table of contents only
_uhttp://www.loc.gov/catdir/toc/fy14pdf03/2012534386.html
923 _d20121003
_nB10002085
_sB10002085
999 _c1564
_d1564